00687 2200241 4500001002100000005001500021035002000036245007600056100002400132250001000156300003500166260003500201082000800236084001400244020001600258600003800274600003200312600003100344505001100375990002000386990002000406990001900426INLIS00000000000478420240109094440 a0010-01240000401 aBalok Pembangun Tubuh Sel,Organ,dan Sistem Tubuh /cDr.Patricia Macnair0 aDr.Patricia Macnair aCet.1 a40 hlm, :bilus ;c17 x 24 cm. aBandung; :bPakar Raya,c2009. a611 a611 DR. b a979534490-2 aPengalih Bahasa,Andri Setyawan,SS aPenyunting Materi,Rudiyanto aPewajah Ulang,Deni sarjoko aIndeks a13808/P/BL/2016 a13810/P/BL/2016 a13809/P/B/2016